00871nam a2200265Ia 4500008004100000020001800041050001000059050001500069100003000084245003200114245008300146260001800229260003800247260000900285300002100294300001100315440005800326500002600384650003600410650002000446650004400466650002900510700003300539700003300572160319s9999 xx 000 0 und d a9789710426072 a321.8 bR696a 2009 aRodriguez, Agustin Martin aDemocratizing governance /  cAgustin Martin G. Rodriquez, Teresita Asuncion M. Lacandula-Rodriguez, editor. aQuezon City : bAteneo de Manila University Press c2009 axx, 157 pages ;  c23 cm. aAgenda for hope : ideas on building a nation ; [v. 1] aNumbered arbitrarily. aDemocratization -- Philippines. aPhilippines --  aPolitical participation -- Philippines. xPolitics and government. aLacandula-Rodriguez, author  aTeresita Asuncion M., author